000 00632nam a2200205 i 4500
001 76881
003 ES-MaACL
005 20250808012557.0
007 t|
008 041005s1944 sp |||| |bspa d
100 1 _aGullón, Ricardo,
_d1908-1991
_960938
245 1 0 _aVida de Pereda /
_cRicardo Gullón.
260 _a[Madrid] :
_bEditora Nacional,
_c1944 (
_fUguina)
300 _a281 p. ;
_c17 cm.
490 1 _aBreviarios de la vida española
600 1 4 _aPereda, José María de,
_d1833-1906
_990447
830 0 0 _aBreviarios de la vida española
_9180821
852 _aES-MaACL
_jB-10150
999 _c76881
_d76881